000 00692nam a2200217Ia 4500
003 GCL
008 140319s9999 xx 000 0 ara d
040 _aGCL /
_cGCL
082 0 4 _a240
_bع ر
100 1 _aعبدالرحمن ناصر السعدى
245 1 0 _aالرياض الناضرة والحدائق النيرة الزاهرة فى العقائد والفنون المتنوعة والفاخرة /
_cعبدالرحمن ناصر السعدى
260 _a[S.N] :
_bمؤسسة قرطبة
300 _a215 ص
490 _a
650 0 4 _aالعقائد
650 0 4 _aالحج
650 0 4 _aالصلاة
650 0 4 _aالصوم
650 0 4 _aالزكاة
942 _2ddc
_cBK
999 _c53149
_d53149